000 00516nam a2200181Ia 4500
008 220216s9999 xx 000 0 und d
100 _aIbanga I J
245 0 _aVariability in physico-chemical properties of selected rubber growing soils of South-Eastern Nigeria
260 _bNatural Rubber Research
_c2007
300 _a14-Sep
500 _aSource Year: 2007
650 _aNigeria
650 _aPhysico-chemical properties
650 _aSoil
700 _aEkong E S
700 _aIgbuku P A
942 _cJS
999 _c72085
_d72085